000 00521nam a22001817a 4500
005 20231124072533.0
008 231124b |||||||| |||| 00| 0 eng d
020 _a086210260 X
041 _aEnglish
082 _a341.48 AMN
100 _lEnglish
245 _aAmnesty International Report 1996
250 _aFirst Edition
260 _aLondon :
_bAmnesty International Publications,
_c1996
300 _b360 pages ;
_c24 cm.
650 _aLegal practice
_bLaw
942 _cBK
_6ALISON_BN_VRIES
999 _c928
_d928